Statistics for Boston Celtics QUIZ (College anwsers)

Click here to take the quiz!

General Stats

  • This quiz has been taken 142 times
  • The average score is 5 of 10

Answer Stats

Hint Answer % Correct
Rajon RondoKentucky
96%
Paul PierceKansas
84%
Jared SullingerOhio State
61%
Fabricio MeloSyracuse
57%
Avery BradleyTexas
52%
Jeff GreenGeorgetown
35%
Jason TerryArizona
28%
Jordan CrawfordXavier
20%
Brandon BassLSU
18%
Kevin GarnettNone
5%

Score Distribution

Percentile by Number Answered

Percent of People with Each Score

Your Score History

You have not taken this quiz